000 00655nam a2200241Ia 4500
003 OSt
005 20220926012136.0
006 a|||||r|||| 00| 0
007 ta
008 220923b |||||||| |||| 00| 0 eng d
020 _cPd 27.50
037 _b337dt, 14/11/1985, SBD
_cGeneral Book
040 _aRTL
_cRTL
_beng
041 _2eng
_aeng
082 _aU21, M5
100 _aJennings
_9315599
245 0 _aKarst geomorphology
260 _aNew York
_bBasil Blackwell
_c1985
300 _ax, 293p
_ccm.
650 _aGEOMORPHOLOGY
942 _hU21, M5
_cGB
_2CC
999 _c621846
_d621846